000 00741nam a2200241Ia 4500
003 OSt
005 20220926025110.0
006 a|||||r|||| 00| 0
007 ta
008 220923b |||||||| |||| 00| 0 eng d
037 _cGeneral Book
040 _aRTL
_cRTL
_beng
041 _2eng
_aeng
082 _aX624.4.N9, N2
100 _aGhate Prabhu
_9138290
245 0 _aInformal finance
_b Some finding from Asia
260 _aOxford
_bOxford University Press
_c1992
300 _axvii, 250p. Bib p. 237-50, Appendix p. 219-34, Glossaryp. 235-36
_ccm.
490 _aAsian Development Bank
650 _aFederal Reserve Banks
942 _hX624.4.N9, N2
_cGB
_2CC
999 _c646262
_d646262